[Event "Let's Play Chess!"]
[Site "http://www.queenalice.com/game.php?id=1113919"]
[Date "2012.10.20"]
[Round "-"]
[White "FerreiraAzevedo"]
[Black "tritabugnol"]
[Result "1-0"]
[WhiteElo "2776"]
[BlackElo "1752"]

1. d4 d5 2. c4 e6 3. Nf3 Nf6 4. Nc3 c5 5. cxd5 exd5 6. Bg5 Nc6 7. Bxf6 Qxf6 8.
Nxd5 Qd6 9. dxc5 Qd7 10. b4 Ne7 11. e4 Nxd5 12. exd5 1-0

[Event "AUTO-ADV-2654"]
[Site "http://www.queenalice.com/game.php?id=1113953"]
[Date "2012.10.19"]
[Round "1"]
[White "justeldiablo"]
[Black "tritabugnol"]
[Result "1-0"]
[WhiteElo "1817"]
[BlackElo "1836"]

1. d4 Nf6 2. c4 g6 3. Nc3 Bg7 4. e4 O-O 5. Nf3 c5 6. e5 Ne8 7. d5 Nc7 8. Bd3 e6
9. d6 Nca6 10. a3 Nc6 11. Bg5 Qa5 12. O-O Nxe5 13. Nxe5 Bxe5 14. Be7 Re8 15. Rc1
Nc7 16. Ne4 b6 17. f4 Bd4+ 18. Kh1 Rxe7 19. dxe7 f5 20. Ng5 Bb7 21. Be2 Re8 22.
Bf3 Ba8 23. b4 Qxa3 24. Bxa8 Nxa8 25. Nf3 Qxb4 26. Nxd4 cxd4 27. Qxd4 Qxe7 28.
c5 Rc8 29. cxb6 Rxc1 30. Rxc1 Nxb6 31. Rc7 Qa3 32. h4 Nd5 33. Rxd7 Qc1+ 34. Kh2
Qxf4+ 35. Qxf4 Nxf4 36. Rxa7 Nd5 37. Kg3 Nf6 38. Kf4 Kf8 39. Ke5 Ne8 40. Kxe6
Ng7+ 41. Kf6 Ne8+ 42. Kg5 Ng7 43. Kh6 Nh5 44. Kxh7 Nf6+ 45. Kxg6 1-0

[Event "AUTO-ADV-2654"]
[Site "http://www.queenalice.com/game.php?id=1113954"]
[Date "2012.10.19"]
[Round "1"]
[White "tritabugnol"]
[Black "justeldiablo"]
[Result "1-0"]
[WhiteElo "1777"]
[BlackElo "1805"]

1. e4 c5 2. Nf3 Nc6 3. d4 cxd4 4. Nxd4 e5 5. Nxc6 bxc6 6. Nc3 Bb4 7. Bd2 Bxc3 8.
Bxc3 Qc7 9. Bc4 Nf6 10. Qd3 d6 11. O-O-O O-O 12. f4 Ng4 13. Qxd6 Qb6 14. fxe5
Nf2 15. e6 fxe6 16. Rhf1 c5 17. Qe7 Qb7 18. Rd7 Qxd7 19. Bxe6+ 1-0

[Event "AUTO-ADV-2654"]
[Site "http://www.queenalice.com/game.php?id=1113969"]
[Date "2012.10.19"]
[Round "1"]
[White "tritabugnol"]
[Black "Ravendark"]
[Result "1-0"]
[WhiteElo "1819"]
[BlackElo "1754"]

1. e4 e5 2. Nf3 Nc6 3. Bc4 Nf6 4. d4 exd4 5. O-O Bc5 6. e5 Ng8 7. Bg5 Nge7 8. c3
d5 9. exd6 Qxd6 10. Bxe7 Nxe7 11. cxd4 Bb6 12. a4 a6 13. Nc3 O-O 14. Ne4 Qb4 15.
Qc2 Bf5 16. Rae1 Rad8 17. Qc3 Qxa4 18. Nf6+ gxf6 19. Rxe7 Rd7 20. Re2 Rfd8 21.
d5 Kg7 22. Nh4 Bg6 23. b3 Qa5 24. b4 Bd4 25. Qd2 Qb6 26. Nxg6 fxg6 27. Rfe1 Be5
28. g3 Rf7 29. Kg2 Rdd7 30. d6 Rxd6 31. Qa2 Rf8 32. f4 Bc3 33. Re7+ Kh6 34. R1e2
Qxb4 35. Bg8 g5 36. Rxh7+ 1-0

[Event "AUTO-ADV-2654"]
[Site "http://www.queenalice.com/game.php?id=1113970"]
[Date "2012.10.19"]
[Round "1"]
[White "Ravendark"]
[Black "tritabugnol"]
[Result "0-1"]
[WhiteElo "1797"]
[BlackElo "1817"]

1. e4 e5 2. Bc4 Nf6 3. d4 exd4 4. Nf3 Nxe4 5. Qxd4 Nf6 6. Nc3 Qe7+ 7. Be3 Nc6 8.
Qd2 Ne4 9. Nxe4 Qxe4 10. Bd3 Qb4 11. b3 d5 12. O-O Bc5 13. Rfe1 Be6 14. Bxc5
Qxc5 15. Bf5 O-O-O 16. Bxe6+ fxe6 17. Rxe6 Rhe8 18. Rae1 Rxe6 19. Rxe6 d4 20.
Qd3 Nb4 21. Qxh7 Qxc2 22. Kf1 Qxh7 0-1

[Event "AUTO-ADV-2654"]
[Site "http://www.queenalice.com/game.php?id=1113971"]
[Date "2012.10.19"]
[Round "1"]
[White "tritabugnol"]
[Black "SportRecife"]
[Result "1/2-1/2"]
[WhiteElo "1832"]
[BlackElo "1927"]

1. e4 e5 2. Nf3 Nc6 3. Bc4 Bc5 4. c3 d6 5. d4 exd4 6. cxd4 Bb6 7. O-O Nf6 8. d5
Ne5 9. Nxe5 dxe5 10. Nc3 O-O 11. Bg5 a6 12. Rc1 Bd4 13. Qf3 Qd6 14. Bxf6 Qxf6
15. Qxf6 gxf6 16. Bd3 Rd8 17. Ne2 Bxb2 18. Rxc7 Rd7 19. Rxd7 Bxd7 20. Rb1 Ba3
21. Rxb7 Bc8 22. Rb3 Bd6 23. Ng3 Rb8 24. Rxb8 Bxb8 25. Nh5 a5 26. Nxf6+ Kg7 27.
Nh5+ Kg6 28. Ng3 Bd6 29. Bb5 f6 30. Nf5 Bxf5 31. exf5+ Kxf5 32. f3 h5 33. Kf2 e4
34. fxe4+ Kxe4 35. Bc6 f5 36. a4 h4 37. h3 f4 38. Bb7 Bc7 39. Ke2 Bd6 40. Bc6
1/2-1/2

[Event "AUTO-ADV-2654"]
[Site "http://www.queenalice.com/game.php?id=1113972"]
[Date "2012.10.19"]
[Round "1"]
[White "SportRecife"]
[Black "tritabugnol"]
[Result "1-0"]
[WhiteElo "1914"]
[BlackElo "1832"]

1. d4 d5 2. c4 Nf6 3. Nc3 e6 4. a3 c5 5. Nf3 Nc6 6. Bg5 Be7 7. e3 O-O 8. Be2
cxd4 9. exd4 dxc4 10. Bxc4 Na5 11. Ba2 Qb6 12. Rb1 Nc6 13. O-O Rd8 14. Be3 Ng4
15. Qd3 Nxe3 16. fxe3 Bf6 17. Ne4 Ne5 18. Nxf6+ gxf6 19. Qe4 Ng6 20. Qc2 Kg7 21.
Bc4 e5 22. Qb3 Qxb3 23. Bxb3 Be6 24. Bc2 Rac8 25. Rf2 Rc7 26. Be4 f5 27. Bc2
Rdc8 28. Rc1 Bb3 29. Ne1 f4 30. exf4 exd4 31. f5 Ne5 32. f6+ Kf8 33. Rd1 d3 34.
Bxb3 Rc1 35. Rfd2 Rxd1 36. Bxd1 Rc1 37. Nxd3 Ng4 38. Nxc1 1-0

[Event "Challenge"]
[Site "http://www.queenalice.com/game.php?id=1120699"]
[Date "2012.11.10"]
[Round "-"]
[White "Camy"]
[Black "tritabugnol"]
[Result "1-0"]
[WhiteElo "1697"]
[BlackElo "1819"]

1. d4 Nf6 2. Nf3 d6 3. c4 g6 4. Nc3 Bg7 5. e4 O-O 6. Be2 Bd7 7. O-O Na6 8. e5
Nh5 9. Be3 c5 10. Ne4 cxd4 11. Bxd4 Nf4 12. exd6 Bxd4 13. Nxd4 e5 14. Nf3 Bg4
15. h3 Nxe2+ 16. Qxe2 Bxf3 17. Qxf3 f5 18. Nc3 Qxd6 19. Qxb7 Nc5 20. Qd5+ Qxd5
21. Nxd5 Nd3 22. b3 a5 23. Rfd1 e4 24. Ne7+ Kf7 25. Nd5 a4 26. Nb6 Nb2 27. Rd7+
Ke6 28. Rxh7 Ra6 29. Nd5 axb3 30. Nc7+ Kf6 31. Nxa6 bxa2 32. c5 Ra8 33. Rxa2 Nd3
34. c6 Nc1 35. Ra5 Nb3 36. Ra4 1-0

[Event "Challenge"]
[Site "http://www.queenalice.com/game.php?id=1130189"]
[Date "2012.12.11"]
[Round "-"]
[White "siarango"]
[Black "tritabugnol"]
[Result "1-0"]
[WhiteElo "1864"]
[BlackElo "1831"]

1. d4 d5 2. Nc3 Nf6 3. h3 c5 4. dxc5 e5 5. b4 a5 6. Ba3 Nc6 7. b5 Nd4 8. b6 Bf5
9. Rc1 Be7 10. e3 Nxc2+ 11. Rxc2 Bxc2 12. Qxc2 O-O 13. Na4 Ne4 14. Bd3 Rc8 15.
Bxe4 dxe4 16. Qxe4 Re8 17. Qxb7 Qd3 18. Bc1 Bxc5 19. Nxc5 Qc3+ 20. Bd2 Qa1+ 21.
Ke2 Rxc5 22. Qd7 Rcc8 23. b7 Rcd8 24. Qa4 Qb2 25. Nf3 e4 26. Nd4 Qxb7 27. Rd1
Qa6+ 28. Ke1 Rd5 29. Qxe8# 1-0

[Event "Challenge"]
[Site "http://www.queenalice.com/game.php?id=1130742"]
[Date "2012.12.12"]
[Round "-"]
[White "Andrei_78"]
[Black "tritabugnol"]
[Result "0-1"]
[WhiteElo "1812"]
[BlackElo "1815"]

1. e4 e5 2. Nf3 Nc6 3. a3 Bc5 4. Bd3 Nf6 5. Bc4 Nxe4 6. O-O O-O 7. Bd5 Bxf2+ 8.
Rxf2 Nxf2 9. Kxf2 Nd4 10. Nxe5 Qh4+ 11. Kg1 d6 12. Nf3 Nxf3+ 13. Qxf3 Bg4 14.
Qb3 Qe1# 0-1

[Event "Challenge"]
[Site "http://www.queenalice.com/game.php?id=1139568"]
[Date "2013.1.11"]
[Round "-"]
[White "tritabugnol"]
[Black "betofortaleza"]
[Result "0-1"]
[WhiteElo "1816"]
[BlackElo "1876"]

1. e4 e5 2. Nf3 Nc6 3. Bc4 d6 4. d4 exd4 5. Nxd4 Ne5 6. Bb3 h6 7. Nc3 Nf6 8. Be3
Nfg4 9. Bf4 Nf6 10. Bxe5 dxe5 11. Ndb5 Bd6 12. Nd5 Nxd5 13. Qxd5 Be6 14. Qxb7
O-O 15. Bxe6 fxe6 16. Qc6 a6 17. Nxd6 cxd6 18. O-O-O Rc8 19. Qxa6 Rxf2 20. c3
Rb8 21. Rxd6 Qg5+ 22. Kb1 Rfxb2+ 23. Ka1 Qxg2 24. Rd8+ Rxd8 25. Qxe6+ Kh8 26.
Rb1 Rxb1+ 27. Kxb1 Rd1# 0-1

[Event "Challenge"]
[Site "http://www.queenalice.com/game.php?id=1139569"]
[Date "2013.1.11"]
[Round "-"]
[White "betofortaleza"]
[Black "tritabugnol"]
[Result "0-1"]
[WhiteElo "1890"]
[BlackElo "1802"]

1. e4 e5 2. Bc4 Nf6 3. d3 Bc5 4. Nf3 Nc6 5. h3 O-O 6. Bg5 h6 7. Bd2 d5 8. exd5
Nxd5 9. Qc1 Nb6 10. Bxh6 gxh6 11. Qxh6 Bf5 12. g4 Bg6 13. Nbd2 Nd4 14. O-O-O
Nxc4 15. dxc4 Qf6 16. Nxd4 Bxd4 17. b3 e4 18. Nxe4 Bb2+ 19. Kb1 Bxe4 20. Qxf6
Bxf6 21. Rhg1 a5 22. g5 Bc3 23. f4 Rae8 24. Rg3 Bb4 25. Kb2 Rd8 26. Rdg1 Bc5 27.
Rf1 Rd2 28. Rc1 Rfd8 29. Rc3 Bd4 0-1

[Event "Challenge"]
[Site "http://www.queenalice.com/game.php?id=1142425"]
[Date "2013.1.19"]
[Round "-"]
[White "Zoe"]
[Black "tritabugnol"]
[Result "0-1"]
[WhiteElo "1819"]
[BlackElo "1854"]

1. d4 d5 2. Nf3 Nf6 3. e3 c5 4. c3 Bf5 5. Nh4 e6 6. Nxf5 exf5 7. Bd3 Qd7 8. Nd2
b5 9. O-O c4 10. Bc2 Bd6 11. Qf3 Nc6 12. Bxf5 Qc7 13. Qh3 Ne7 14. Bc2 O-O 15.
Nf3 Ne4 16. Bxe4 dxe4 17. Ng5 h6 18. Nxe4 f5 19. Nxd6 Qxd6 20. Re1 Nd5 21. e4
Nf4 22. Qf3 Nd3 23. Re2 fxe4 24. Qxe4 Rae8 25. Qg4 Rxe2 26. Qxe2 Rxf2 27. Qe8+
Qf8 28. Qe6+ Kh7 29. Qe4+ Kh8 30. Be3 Re2 31. Rf1 Qxf1+ 0-1

[Event "Challenge"]
[Site "http://www.queenalice.com/game.php?id=1142426"]
[Date "2013.1.19"]
[Round "-"]
[White "tritabugnol"]
[Black "Zoe"]
[Result "1-0"]
[WhiteElo "1838"]
[BlackElo "1847"]

1. e4 e6 2. d4 d5 3. Nc3 dxe4 4. Nxe4 Bd7 5. Nf3 Bc6 6. Qd3 Nd7 7. Be2 Ngf6 8.
Nxf6+ Nxf6 9. Bg5 Be7 10. Ne5 Bxg2 11. Rg1 Be4 12. Qd2 O-O 13. O-O-O Bd5 14. Bh6
Ne4 15. Rxg7+ Kh8 16. Qf4 Qe8 17. Nxf7+ Rxf7 18. Rxf7 Qa4 19. Bg7+ Kg8 20. Rg1
Qb4 21. Bh6+ Kh8 22. Rgg7 Nf6 23. c3 Qd6 24. Qxd6 cxd6 25. Rxe7 e5 26. dxe5 dxe5
27. Bg5 Re8 28. Bxf6 1-0

[Event "Challenge"]
[Site "http://www.queenalice.com/game.php?id=1143251"]
[Date "2013.1.21"]
[Round "-"]
[White "tritabugnol"]
[Black "hdlp"]
[Result "1-0"]
[WhiteElo "1823"]
[BlackElo "1751"]

1. e4 e5 2. Nf3 Nc6 3. Bc4 h6 4. d4 exd4 5. Nxd4 Ne5 6. Qe2 Bc5 7. Nb3 d6 8. Be3
Bxe3 9. fxe3 Qf6 10. Rf1 Qe7 11. Nc3 c6 12. O-O-O b5 13. Nd5 cxd5 14. Bxb5+ Bd7
15. Nd4 Nf6 16. Nf5 Qf8 17. Bxd7+ Nfxd7 18. Rxd5 g6 19. Nxd6+ Ke7 20. Qb5 Rb8
21. Rxe5+ Nxe5 22. Qxe5+ Kd7 23. Rxf7+ Qxf7 24. Nxf7 Rhe8 25. Qd6+ Kc8 26. Qc6#
1-0

[Event "Challenge"]
[Site "http://www.queenalice.com/game.php?id=1146531"]
[Date "2013.1.29"]
[Round "-"]
[White "tritabugnol"]
[Black "ztnilz"]
[Result "1-0"]
[WhiteElo "1836"]
[BlackElo "1915"]

1. e4 c5 2. Nf3 d6 3. d4 cxd4 4. Nxd4 Nf6 5. Nc3 a6 6. f4 e5 7. Nf5 Bxf5 8. exf5
Be7 9. fxe5 dxe5 10. Bg5 Nc6 11. Be2 O-O 12. O-O Qb6+ 13. Kh1 Rad8 14. Na4 Qc7
15. Qe1 Nd4 16. Be3 Qxc2 17. Bd1 Qc7 18. Rc1 Qb8 19. Nb6 Ne8 20. Ba4 Qd6 21. Nc8
Nf6 22. Nxd6 1-0

[Event "Challenge"]
[Site "http://www.queenalice.com/game.php?id=1150965"]
[Date "2013.2.11"]
[Round "-"]
[White "deuterius"]
[Black "tritabugnol"]
[Result "1-0"]
[WhiteElo "1724"]
[BlackElo "1859"]

1. e4 e5 2. Nf3 Nc6 3. Be2 Bc5 4. Nc3 Nf6 5. d3 d5 6. exd5 Nxd5 7. Bd2 Be6 8.
O-O Qe7 9. Bg5 f6 10. Bd2 Bd6 11. h3 Nxc3 12. Bxc3 O-O-O 13. a4 h5 14. Nh4 f5
15. Ng6 Qg5 16. Nxh8 f4 17. Kh2 e4 18. f3 Qg3+ 19. Kh1 Bxh3 20. Rg1 Bc5 21. Be1
Bf2 22. Bxf2 Qxf2 23. Qf1 e3 24. gxh3 Nd4 25. Rg2 Nxe2 26. Qxf2 exf2 27. Rxf2
Ng3+ 28. Kg2 Rxh8 29. h4 a5 30. Re1 Kd7 31. c4 c5 32. Rd2 1-0

[Event "Challenge"]
[Site "http://www.queenalice.com/game.php?id=1160640"]
[Date "2013.3.13"]
[Round "-"]
[White "tritabugnol"]
[Black "betofortaleza"]
[Result "1-0"]
[WhiteElo "1840"]
[BlackElo "1908"]

1. e4 e5 2. Nf3 Nc6 3. Bc4 h6 4. O-O Nf6 5. d4 exd4 6. Re1 d6 7. c3 Bg4 8. h3
Bd7 9. cxd4 Na5 10. Bd3 a6 11. Nc3 Be7 12. e5 dxe5 13. Nxe5 Bc6 14. b4 Bxb4 15.
Nxc6+ Kf8 16. Nxd8 Bxc3 17. Bd2 Bxa1 18. Qxa1 Rxd8 19. Bxa5 1-0